Catálogo comentado del acervo del Museo Nacional de Arte (Record no. 1678)

MARC details
000 -CABECERA
campo de control de longitud fija 00876nam a2200205 a 4500
001 - NÚMERO DE CONTROL
campo de control BRCA_1905
005 - FECHA Y HORA DE LA ÚLTIMA TRANSACCIÓN
campo de control 20190320203609.0
008 - DATOS DE LONGITUD FIJA--INFORMACIÓN GENERAL
campo de control de longitud fija 100011m20022009mx-a#####b---#000-0#spa-#
020 ## - NÚMERO INTERNACIONAL ESTÁNDAR DEL LIBRO
Número Internacional Estándar del Libro 9701885023 (Obra completa)
050 #4 - SIGNATURA TOPOGRÁFICA DE LA BIBLIOTECA DEL CONGRESO
Número de clasificación N910.M36
Número de documento/Ítem .C38 2002
245 10 - MENCIÓN DE TÍTULO
Título Catálogo comentado del acervo del Museo Nacional de Arte
Resto del título pintura. Siglo XIX
Mención de responsabilidad, etc. Esther Acevedo ... [et al.].
260 ## - PUBLICACIÓN, DISTRIBUCIÓN, ETC.
Lugar de publicación, distribución, etc. México
Nombre del editor, distribuidor, etc. Museo Nacional de Arte : INBA : Patronato del Museo Nacional de Arte
Fecha de publicación, distribución, etc. 2002-2009
300 ## - DESCRIPCIÓN FÍSICA
Extensión 2 v.
Otras características físicas il. (algunas a color)
Dimensiones 24 cm.
505 0# - NOTA DE CONTENIDO CON FORMATO
Nota de contenido con formato Contenido : v.1. Pintura. Siglo XIX. Ed. 2002 / colaboró Víctor Rodríguez. -- v.2. Pintura. Siglo XIX. Ed. 2009
610 24 - PUNTO DE ACCESO ADICIONAL DE MATERIA--NOMBRE DE ENTIDAD CORPORATIVA
Nombre de entidad corporativa o nombre de jurisdicción como elemento de entrada Museo Nacional de Arte (Ciudad de México)
Subdivisión de forma Catálogos
9 (RLIN) 2178
650 14 - PUNTO DE ACCESO ADICIONAL DE MATERIA--TÉRMINO DE MATERIA
Término de materia o nombre geográfico como elemento de entrada Arte
Subdivisión de forma Catálogos
Subdivisión geográfica México
9 (RLIN) 5879
700 1# - PUNTO DE ACCESO ADICIONAL--NOMBRE DE PERSONA
Nombre de persona Acevedo, Esther
9 (RLIN) 2537
700 1# - PUNTO DE ACCESO ADICIONAL--NOMBRE DE PERSONA
Nombre de persona Rodríguez, Víctor
9 (RLIN) 5880
942 ## - ELEMENTOS DE PUNTO DE ACCESO ADICIONAL (KOHA)
Fuente del sistema de clasificación o colocación Library of Congress Classification
Tipo de ítem Koha Libros
Holdings
Estado de retiro Estado de pérdida Estado dañado No para préstamo Localización permanente Ubicación/localización actual Fecha de adquisición Total de préstamos Signatura topográfica completa Código de barras Fecha visto por última vez Precio válido a partir de Tipo de ítem Koha
El ejemplar forma parte de la colección y puede ser consultado según las políticas vigentes.       Biblioteca del Museo Franz Mayer (Rogerio Casas-Alatriste) Biblioteca del Museo Franz Mayer (Rogerio Casas-Alatriste) 30/07/2008   N910.M36 .C38 2002 01567 22/03/2019 22/03/2019 Libros